000 00515nam a2200229Ia 4500
003 0100
008 130303s9999 xx 000 0 und d
020 _a415172632
040 _cARRUPELIB
050 _aHM1.A6251999
100 _aAlbrow, Martin
245 _aSociology
245 _bthe basics
260 _aLondon
260 _bRoutledge
260 _C1999
300 _axiv
300 _b 203p. 21cm.
650 _bAfrican literature--Islamic influences
700 _aMartin Albrow
942 0 0 _01
999 _c13782
_d13782